| 000 | 00719nam a2200241 i 4500 | ||
|---|---|---|---|
| 001 | 14563 | ||
| 003 | ES-MaACL | ||
| 005 | 20230906150836.0 | ||
| 007 | t| | ||
| 008 | 990426s1998 sp |||| | spa d | ||
| 020 | _a84-264-2811-8 | ||
| 080 | _a821.133.1-14"19"(082.2) | ||
| 245 | 0 | 0 |
_aDieciocho poetas franceses contemporáneos / _cselección, traducción y prólogo de Enrique Moreno Castillo. |
| 250 | _a1ª ed. | ||
| 260 |
_aBarcelona : _bLumen, _c1998. |
||
| 300 |
_a542 p. ; _c21 cm. |
||
| 490 | 1 |
_aPoesía ; _v106 |
|
| 650 | 1 | 4 |
_aPoesía francesa- _yS.XX. _916181 |
| 700 | 1 |
_aMoreno Castillo, Enrique. _983342 |
|
| 830 | 0 |
_aPoesía ; _v106 _9177794 |
|
| 852 |
_aES-MaACL _jL-21741 |
||
| 999 |
_c14563 _d14563 |
||